| 000 | 00799nam a22002177a 4500 | ||
|---|---|---|---|
| 005 | 20131216164825.0 | ||
| 008 | 131216b2013 ck ||||| |||| 00| 0 spa d | ||
| 020 | _a9789583601491 | ||
| 041 | _aspa | ||
| 044 | _ack | ||
| 082 |
_a986 _bM69c |
||
| 100 | 1 |
_aMogollón-Vélez, José Vicente _93396 |
|
| 245 | 1 | 0 |
_aEl Canal del Dique : _bhistoria de un desastre ambiental / _cJosé Vicente, Mogollón-Vélez |
| 260 |
_aBogotá _bEl Ancora Editories _c2013 |
||
| 300 |
_a197 p. _bil. fotog. (col) _c28 cm. |
||
| 650 | 1 | 4 |
_aDesastres ambientales _zCanal del Dique _93397 |
| 651 |
_aCanal del Dique _xHistoria _zBolivar _zColombia _93398 |
||
| 651 |
_aCanal del Dique _xDescripción _zBolivar _zColombia _93399 |
||
| 651 |
_aCanal del Dique _xAspectos ambientales _zBolivar _zColombia _93400 |
||
| 942 |
_2ddc _cImpreso |
||
| 999 |
_c8069 _d8069 |
||